MLB General Knowledge Quiz #2 - Statistics

General Stats
  • This quiz has been taken 24 times
  • The average score is 12 of 20
Answer Stats
Hint Answer % Correct
What player has his number retired across the league? Jackie Robinson
100%
Who are the only father-son duo to hit back-to-back home runs in a game? (Give the last name) Griffey
95%
Who is the all-time hits leader? Pete Rose
95%
What is the nickname for the left field wall at Fenway Park? The Green Monster
95%
What team did Barry Bonds start his career with? Pirates
85%
What is the name of the water beyond right field of the Giants Stadium? McCovey Cove
80%
Who is the all-time strikeouts leader pitching? Nolan Ryan
80%
What player won the Triple Crown in 2012? Miguel Cabrera
75%
Who is the Phillies' mascot? Phillie Phanatic
75%
What team did Mike Schmidt spend his entire career with? Phillies
65%
Who is the only player to be unanimously voted to the Hall of Fame? Mariano Rivera
60%
Which pitcher famously hit his first career home run at Petco Park? Bartolo Colon
50%
Who was the GM of the Oakland Athletics from 1997 to 2015? Billy Beane
45%
Who is the only player to hit a walk-off home run in Game 7 of the World Series? Bill Mazeroski
40%
What player has the most gold gloves all-time? Greg Maddux
35%
Who was the first player to have his number retired? Lou Gehrig
30%
What was Joe Buck's Iconic home run call for David Freese's walk-off home run in Game 6 of the 2011 World Series? We will see you tomorrow night
30%
Who is the only player to throw a perfect game in the World Series? Don Larsen
20%
What player started his career as a catcher, later becoming one of the greatest closers of all time? Kenley Jansen
20%
How many consecutive games did Cal Ripken Jr. play in? 2632
10%
No matching quizzes found
Score Distribution
Percent of People with Each Score
Percentile by Number Answered
Your Score History
You have not taken this quiz